[Event "CRO-chT2 East"]
[Site "Croatia"]
[Date "2011.04.16"]
[Round "4"]
[White "Feletar, Darko"]
[Black "Ivascanin, Nenad"]
[Result "1-0"]
[WhiteElo "2379"]
[BlackElo "2197"]
[PlyCount "69"]
[EventDate "2011.04.02"]
[EventType "tourn"]
[EventRounds "11"]
[EventCountry "CRO"]
[SourceTitle "EXT 2014"]
[Source "ChessBase"]
[SourceDate "2013.11.20"]
[SourceVersion "1"]
[SourceVersionDate "2013.11.20"]
[SourceQuality "1"]

1. e4 c5 2. Nc3 Nc6 3. Nf3 d6 4. d4 cxd4 5. Nxd4 Nf6 6. Bg5 e6 7. Qd2 a6 8. 0-0-0 Bd7 9. f3 b5 10. Kb1 Be7 11. Be3 Qb8 12. g4 0-0 13. g5 Ne8 14. h4 Nxd4 15. Bxd4 b4 16. Ne2 Nc7 17. f4 Rd8 18. Ng3 e5 19. Be3 d5 20. f5 d4 21. Bg1 Nb5 22. Ka1 Nc3 23. Re1 Qc7 24. f6 Qa5 25. Bc4 Be6 26. Bxe6 fxe6 27. a3 bxa3 28. bxc3 dxc3 29. Qe3 Rd4 30. fxe7 Qb4 31. Qc1 Qb2+ 32. Qxb2 axb2+ 33. Ka2 Rc4 34. Bb6 Rb8 35. Rhf1 1-0

[Event "CRO-chT2a"]
[Site "Croatia"]
[Date "2009.04.05"]
[Round "2"]
[White "Fabeta, Tomislav"]
[Black "Ivascanin, Nenad"]
[Result "0-1"]
[WhiteElo "1779"]
[BlackElo "2211"]
[PlyCount "66"]
[EventDate "2009.04.04"]
[EventType "team-tourn"]
[EventRounds "9"]
[EventCountry "CRO"]
[SourceTitle "EXT 2010"]
[Source "ChessBase"]
[SourceDate "2010.11.25"]
[SourceVersion "1"]
[SourceVersionDate "2010.11.25"]
[SourceQuality "1"]

1. d4 Nf6 2. c4 g6 3. Nc3 Bg7 4. e4 d6 5. Nf3 0-0 6. Be2 Nbd7 7. 0-0 c6 8. Qc2 a6 9. a4 a5 10. h3 Qc7 11. Be3 Nb8 12. Ne1 Na6 13. Nd3 Nb4 14. Qb3 Nxd3 15. Bxd3 e5 16. dxe5 dxe5 17. Bc5 Re8 18. Be2 Nd7 19. Be3 Nf8 20. Rac1 Ne6 21. Nd5 Qd8 22. Bb6 Qh4 23. Nc7 Nxc7 24. Bxc7 Qxe4 25. Bf3 Qh4 26. Rfe1 e4 27. Bg3 Qg5 28. h4 Qh6 29. Rc2 f5 30. c5+ Kh8 31. Qf7 Rf8 32. Qc7 f4 33. Rxe4 fxg3 0-1